000 00597nam a2200181Ia 4500
003 GCL
008 140319s9999 xx 000 0 ara d
040 _aGCL /
_cGCL
082 0 4 _a759
_bم م
100 1 _aراتب احمد قبيعة
245 1 0 _aموسوعة الفنانين التشكيلين: قاموس الرسامين فى العالم /
_cراتب احمد قبيعة
700 1 _aجورج مدبك
300 _a282 ص
490 _aالهيئة العامة للاستعلامات
_v0
650 0 4 _aالرسامون
650 0 4 _aالرسامون - تراجم
942 _2ddc
_cBK
999 _c50392
_d50392